Gaming Quiz

Random Gaming or Board Games Quiz

UK Monopoly Streets and Roads Quiz Stats

Quiz Updated Nov 23, 2014

Also try: Monopoly (U.K.)
Challenge
Share
Tweet
Embed
Score 0/14 Timer 05:00
4 Plays Today
% Correct
Old Kent Road
83.7%
Oxford Street
70.5%
Bond Street
68.8%
Regent Street
66%
Fleet Street
58.9%
Vine Street
56.6%
Euston Road
53.6%
% Correct
Whitechapel Road
50.7%
Pentonville Road
47.4%
Bow Street
45%
Liverpool Street Station
44.4%
Coventry Street
43.4%
Marlborough Street
41.7%
Fenchurch Street Station
35.7%

You're not logged in!

Compare scores with friends on all Sporcle quizzes.
Join for Free
OR
Log In

You Might Also Like...

Show Comments

Extras

Top Quizzes Today


Score Distribution

Your Account Isn't Verified!

In order to create a playlist on Sporcle, you need to verify the email address you used during registration. Go to your Sporcle Settings to finish the process.

Report this User

Report this user for behavior that violates our Community Guidelines.

Details: